Kannibálok történetek a sötét oldalról

Bibliographic Details
Main Author: Csányi, Vilmos, 1935- (Author)
Format: Book
Language:Hungarian
PhysicalDescription:197 s. 21 cm
Published: Pozsony Kalligram 2008
ISBN:9788081010521
Edition:1. kiad.
Subjects:

MARC

LEADER 00000nam a2200000 a 4500
001 vtls009308893
003 SK-MaSNL
005 20260301170853.0
008 240313s2008 xo g 000 0 hun
015 |a SNBA2008/09-04169 
020 |a 9788081010521  |q (viaz.) 
035 |a 7262528F-B473-4477-AAF1-2B599ADA6F6A 
035 |a urn:nbn:sk:snk-aml4yx 
035 |a urn:nbn:sk:snk-am008w6l 
040 |a SNK  |b slo  |c SNK  |e AACR2 
041 0 |a hun 
044 |a xo  |c SK 
072 7 |a 821.511.1  |x Ugrofínske literatúry  |2 konspekt 
080 |a 821.511.141-32  |2 2001 
100 1 |a Csányi, Vilmos,  |d 1935-  |4 aut  |9 479741 
245 1 0 |a Kannibálok  |b történetek a sötét oldalról  |c Csányi Vilmos 
250 |a 1. kiad. 
260 |a Pozsony  |b Kalligram  |c 2008 
300 |a 197 s.  |c 21 cm 
500 |a Tir. aj slov. 
500 |a Vydané v spolupráci s Pesti Kalligram Kft., Budapešť 
650 0 7 |a maďarské poviedky  |2 SNKPH  |9 296245 
752 |a Slovensko  |d Bratislava 
919 |a 978-80-8101-052-1 
958 |a LX 
958 |a HU 
958 |a NM 
968 |d 821 
999 |c 829005  |d 830935 
952 |a SNK  |b SNK  |y PREZ  |7 0  |p 17A0593547  |o snkSC 132395  |i snk2008/13561  |8 0  |0 0  |1 0  |4 0  |d 2008-07-03  |f 1  |l 0  |r 2025-06-23 00:00:00  |w 2026-02-24 
952 |a SNK  |b SNK  |y VYP  |7 0  |p 17A0593548  |o snkSC 132395 D1  |i snk2008/13562  |8 0  |0 0  |1 0  |4 0  |d 2008-07-03  |l 0  |r 2026-02-24 03:32:35  |w 2026-02-24